Economic Systems Research journal of the International Input-Output Association

Salvato in:
Dettagli Bibliografici
Natura: Periodico
Lingua:inglese
Pubblicazione: Abingdon The International Input-Output Association 1994
Soggetti:
Tags: Aggiungi Tag
Nessun Tag, puoi essere il primo ad aggiungerne!!

MARC

LEADER 00000nas2a2200000 4500
001 s102235
005 20070125092537.6
022 |a 0953-5314 
041 0 |a eng 
044 |a GB 
245 1 0 |a Economic Systems Research  |b journal of the International Input-Output Association 
264 1 |a Abingdon  |b The International Input-Output Association  |c 1994 
300 |a 1 zv. 
773 0 |w eu_un_cat*s120652 
610 2 0 |a systémy informačné 
610 2 0 |a výskum 
610 2 0 |a systémy ekonomické 
610 2 0 |a modelovanie 
610 2 0 |a plánovanie 
610 2 0 |a rozhodovanie 
610 2 0 |a myslenie ekonomické